Biblioteca

The Old Testament (Registro nro. 46858)

Detalles MARC
000 -LÍDER
Campo fijo de descripción fija 01111nam a22003017a 4500
001 - NÚMERO DE CONTROL
Campo de control 20507
003 - IDENTIFICADOR DEL NÚMERO DE CONTROL
Campo de control CO-MdFUSB
005 - FECHA Y HORA DE LA ULTIMA TRANSACCIÓN
control field 20170725083915.0
008 - ELEMENTOS DE LONGITUD FIJA -- INFORMACIÓN GENERAL
Campo fijo de descripción fija -- Información general 160901t1986 xxu||||f |||| 00| 0 eng d
020 ## - NÚMERO INTERNACIONAL NORMALIZADO PARA LIBROS
Número Internacional Normalizado del libro 0-8006-2544-7
040 ## - FUENTE DE CATALOGACIÓN
Agencia de catalogación original CO-MdFUSB
Idioma de catalogación Español
Agencia que realiza la transcripción CO-MdFUSB
Agencia que realiza la modificación CO-MdFUSB
Convenciones de la descripción rda
041 ## - CÓDIGO DE IDIOMA
Código de idioma para texto/pista de sonido o título separado eng
082 ## - NÚMERO DE CLASIFICACIÓN DECIMAL DEWEY
Número de la edición del Dewey 24
Número de clasificación 221.61
Clave de autor-Numero de item R397o
100 1# - ASIENTO PRINCIPAL--NOMBRE PERSONAL
Nombre personal Rendtorff, Rolf
Fechas asociadas con el nombre autor
245 14 - TÍTULO
Título del Material The Old Testament
Parte restante del título - Subtitulo : An introduction
Mención de responsabilidad, etc. / Rolf Rendtorff ; traducido por John Bowden
264 #4 - PRODUCCIÓN, PUBLICACIÓN, DISTRIBUCIÓN, MANUFACTURA, Y COPYRIGHT
Lugar de producción, publicación, distribución, manufactura Philadelphia, Pennsylvania :
Nombre del productor, publicador, distribuidor Fortress Press,
Fecha de producción, publicación, distribución, manufactura, o copyright ©1986
300 ## - DESCRIPCIÓN FÍSICA
Extensión xi, 308 páginas
336 ## - TIPO DE CONTENIDO
Fuente rdacontent
Término de tipo de contenido
Código de tipo de contenido
337 ## - TIPO DE MEDIO
Fuente rdamedia
Nombre del tipo de medio
Código del tipo de medio
338 ## - TIPO DE SOPORTE
Fuente rdacarrier
Nombre del tipo de soporte
Código Tipo de soporte
500 ## - NOTA GENERAL
Nota General Título original en alemán : Das Alte Testament : Eine Einfuhrung \ Incluye índices
501 ## - NOTA DE “CON”
Nota de Contenido Rústico
505 00 - NOTA DE CONTENIDO
Nota de contenido con formato preestablecido El Antiguo Testamento como fuente de la historia de Israel - La literatura del Antiguo Testamento en la vida del Antiguo Israel - Los libros del Antiguo Testamento
653 ## - TÉRMINO DE INDIZACIÓN - NO CONTROLADO
Término no controlado Bible - Old Testament
653 ## - TÉRMINO DE INDIZACIÓN - NO CONTROLADO
Término no controlado Biblia - Antiguo Testamento
942 ## - TIPO DE MATERIAL (KOHA)
Tipo de Item KOHA Libros General
Existencias
Estado de Material Estado de Perdido Forma de Clasificación Estado de Dañado No para Préstamo Colección Tomo Biblioteca de Origen Biblioteca Permanente Fecha de Adquisición Total de Préstamos Signatura Topográfica Código de Barras Última vez visto Última vez Préstado Ejemplar/Existencia Fecha de Remplazo Tipo de Material
    Dewey Decimal Classification     Colección General   Biblioteca FUSBC Biblioteca FUSBC 30/07/2015 1 G 221.61 R397o 20368 10/04/2025 01/04/2025 Ej. 1 26/01/2016 Libros General

Biblioteca FUSBC | Teléfono: (57+4) 349 88 10 Ext. 141| WhatsApp (+57) 3005338115 
E-mail: biblioteca@unisbc.edu.co | Calle 76 87-14 Robledo Palenque, Medellín, Colombia

Con tecnología Koha